00613 2200193 4500001002100000005001500021035002000036008004100056245008800097100001600185250001000201260004000211300003600251020002200287082001000309084001600319650007000335990001400405INLIS00000000000090320250701012513 a0010-0725000007250701 j 1 ind 1 aTaman tanpa Aturan :bDan cerita-cerita mini lainnya untuk anak-anak /cNoor H. Dee aNoor H. Dee acet.2 aTangerang :bCV. Marjin Kiri,c2024 avi.62 hlm :bIlus ;c14x20,3 cm a978-602-0788-47-0 a028.5 a028.5 NOO t 4aTaman tanpa Aturan Dan cerita-cerita mini lainnya untuk anak-anak a0240/2025